Carregant...
Transition metal oxides
| Autor principal: | |
|---|---|
| Format: | Printed Book |
| Publicat: |
Wiley-VCH Verlag Pvt. Ltd., New York
1998
|
| Edició: | 2 |
| Matèries: |
| LEADER | 00543nam a2200193 4500 | ||
|---|---|---|---|
| 020 | |a 9780471189718 | ||
| 082 | |a 546.6 RAO-T2 | ||
| 100 | |a Rao, C N R; Raveau, B | ||
| 245 | |a Transition metal oxides | ||
| 250 | |a 2 | ||
| 260 | |a Wiley-VCH Verlag Pvt. Ltd., New York |c 1998 | ||
| 300 | |a 373 | ||
| 490 | |||
| 500 | |||
| 590 | |a rvr | ||
| 650 | |a Transition elements; Inorganic chemistry | ||
| 942 | |c BK | ||
| 999 | |c 84695 |d 84695 | ||
| 952 | |0 0 |1 0 |4 0 |6 546_600000000000000_RAOT2 |7 0 |9 98163 |a PHY |b PHY |l 0 |o 546.6 RAO-T2 |p PHY06353 |r 2019-09-24 |w 2019-09-24 |y BK | ||